Východné partnerstvo EÚ a Slovensko

Východné partnerstvo predstavuje dimenziu Európskej politiky susedstva zameranú na postsovietske štáty východnej Európy a Kaukazu. Obsah a náplň Východného partnerstva. Vilniuský summit v r. 2013. Slovensko vo Východnom partnerstve.

Na minha lista:
Detalhes bibliográficos
Autor principal: Ondriaš, Juraj, 1988-
Formato: Capítulo de Livro
Idioma:eslovaco
Assuntos:
Tags: Adicionar Tag
Sem tags, seja o primeiro a adicionar uma tag!

MARC

LEADER 00000nla a2200000 4500
001 0198985
005 20240502073348.8
041 0 |a slo 
044 |a SK 
245 1 0 |a Východné partnerstvo EÚ a Slovensko  |c Juraj Ondriaš 
520 |a Východné partnerstvo predstavuje dimenziu Európskej politiky susedstva zameranú na postsovietske štáty východnej Európy a Kaukazu. Obsah a náplň Východného partnerstva. Vilniuský summit v r. 2013. Slovensko vo Východnom partnerstve. 
610 2 0 |a politika medzinárodná 
610 2 0 |a partnerstvo strategické 
610 2 0 |a spolupráca hospodárska medzinárodná 
610 2 0 |a summity 
610 2 0 |a Európska únia 
610 2 0 |a Slovensko 
100 1 |a Ondriaš, Juraj, 1988-